000
00245nam a22001097a 4500
082
_a
621.384 RAD'B
100
_a
BALL, A. M
_9
78436
245
_a
RADIO VALVE AND TRANSISTOR DATA
260
_a
LONDON
_b
IIFFE
_c
1970
300
_a
232P
942
_c
BK
999
_c
583555
_d
583555